000
00306nam a22001097a 4500
003
OSt
008
250107b |||||||| |||| 00| 0 eng d
041
_a
eng
245
_a
Kerala Agricultural Statistics 1965-1966 to 1975-1976
260
_b
Directorate of Extension, Kerala Agricultural university
942
_c
BK
999
_c
18970
_d
18970